|
|
|
|
| LEADER |
02558nam a2200409 i 4500 |
| 001 |
36416 |
| 003 |
BD-DhAAL |
| 005 |
20211129101126.0 |
| 008 |
191023t2016 njua b 001 0 eng d |
| 999 |
|
|
|c 41593
|d 41593
|
| 010 |
|
|
|a 2015946164
|
| 020 |
|
|
|a 0134137043
|
| 020 |
|
|
|a 9780134137049
|
| 035 |
|
|
|a (OCoLC)ocn905522775
|
| 040 |
|
|
|a YDXCP
|b eng
|c YDXCP
|e rda
|d OCLCO
|d OCLCQ
|d CDN
|d OQX
|d OCLCF
|d DLC
|d BD-DhAAL
|
| 042 |
|
|
|a lccopycat
|
| 050 |
0 |
0 |
|a HG4529
|b .K5644 2016
|
| 082 |
|
|
|a 332.632042
|2 23
|
| 100 |
1 |
|
|a Kirkpatrick, Charles D.,
|c II,
|e author.
|9 36398
|
| 245 |
1 |
0 |
|a Technical analysis :
|b the complete resource for financial market technicians /
|c Charles D. Kirkpatrick, II, and Julie Dahlquist
|
| 250 |
|
|
|a Third edition.
|
| 260 |
|
|
|a Old Tappan, New Jersey :
|b Pearson Education, Inc.,
|c c2016
|
| 300 |
|
|
|a xxvi, 708 pages :
|b illustrations ;
|c 23 cm.
|
| 504 |
|
|
|a Includes bibliographical references (pages 643-673) and index.
|
| 505 |
0 |
|
|a Introduction to technical analysis -- Basic principle of technical analysis : the trend -- History of technical analysis -- Technical analysis controversy -- Markets and market indicators. Overview of markets -- Dow theory -- Sentiment -- Measuring market strength -- Temporal patterns and cycles -- Flow of funds -- Trend analysis. History and construction of charts -- Trends : the basics -- Breakouts, stops, and retracements -- Moving averages -- Chart pattern analysis. Bar chart patterns -- Point and figure chart patterns -- Short-term patterns -- Trend confirmation. Confirmation -- Other technical methods and rules. Cycles -- Elliott, Fibonacci, and Gann -- Selection. Selection of markets and issues : trading and investing -- System testing and management. System design and testing -- Money and portfolio risk management -- Appendices. Basic statistics -- Types of orders and other trader terminology.
|
| 526 |
|
|
|a BBS
|
| 541 |
|
|
|a Karim International
|e 36417
|
| 650 |
|
0 |
|a Technical analysis (Investment analysis)
|9 36399
|
| 650 |
|
0 |
|a Investment analysis.
|9 36400
|
| 650 |
|
7 |
|a Investment analysis.
|9 36400
|
| 650 |
|
7 |
|a Technical analysis (Investment analysis)
|9 36399
|
| 650 |
|
7 |
|a Finance
|9 36420
|
| 650 |
|
7 |
|a Business & finance
|9 43258
|
| 700 |
1 |
|
|a Dahlquist, Julie R.,
|d 1962-
|e author.
|9 36401
|
| 852 |
|
|
|a Ayesha Abed Library
|c General Stacks
|
| 942 |
|
|
|2 ddc
|c BK
|
| 952 |
|
|
|0 0
|1 0
|2 ddc
|4 0
|6 332_632042000000000_KIR
|7 0
|9 66781
|a BRACUL
|b BRACUL
|c GEN
|d 2019-10-17
|e Karim International
|g 9500.00
|l 3
|m 27
|o 332.632042 KIR
|p 3010036417
|r 2025-08-17
|s 2025-04-21
|t 1
|v 9500.00
|w 2019-10-17
|y BK
|